[Event "26. Schweinfurt Open"]
[Site "Schweinfurt"]
[Date "2016.05.26"]
[Round "1.1"]
[White "FM Golda, Harald"]
[Black "Meyer, Thorlejf"]
[Result "1/2-1/2"]
[WhiteElo "2316"]
[BlackElo "1839"]
[PlyCount "43"]
[EventDate "2016.??.??"]
[WhiteTeam "SK Schweinfurt"]
[BlackTeam "Skakforeningen Odysseus"]

1. d4 Nf6 2. Nf3 e6 3. c4 d5 4. Nc3 c5 5. e3 Nc6 6. a3 a5 7. cxd5 exd5 8. Bb5
c4 9. Ne5 Bd7 10. Qf3 Bd6 11. Nxd5 Nxe5 12. dxe5 Bxe5 13. Nxf6+ Bxf6 14. Qxb7
Bxb5 15. Qxb5+ Qd7 16. Qxc4 O-O 17. O-O Rac8 18. Qe2 Rfe8 19. e4 Qa4 20. Be3
Rc2 21. Qd3 Rxb2 22. Rab1 1/2-1/2

[Event "26. Schweinfurt Open"]
[Site "Schweinfurt"]
[Date "2016.05.26"]
[Round "1.2"]
[White "Müller, Gerhard"]
[Black "Becker, Matthias"]
[Result "0-1"]
[WhiteElo "1835"]
[BlackElo "2266"]
[PlyCount "40"]
[EventDate "2016.??.??"]
[WhiteTeam "SC Bad Königshofen"]
[BlackTeam "BG Buchen"]

1. e4 e6 2. d4 d5 3. Nc3 Bb4 4. e5 c5 5. a3 Ba5 6. Qg4 Ne7 7. Bd2 cxd4 8. Qxd4
Nbc6 9. Bb5 O-O 10. Bxc6 Nxc6 11. Qf4 Bc7 12. Nf3 f6 13. O-O-O fxe5 14. Qg5
Qxg5 15. Bxg5 e4 16. Nb5 Bb6 17. Nfd4 Rxf2 18. Rhf1 Rxf1 19. Rxf1 Nxd4 20. Be7
Bd7 0-1

[Event "26. Schweinfurt Open"]
[Site "Schweinfurt"]
[Date "2016.05.26"]
[Round "1.3"]
[White "Seidens, Udo"]
[Black "Heller, Thomas"]
[Result "1-0"]
[WhiteElo "2245"]
[BlackElo "1828"]
[PlyCount "65"]
[EventDate "2016.??.??"]
[WhiteTeam "SK Schweinfurt"]
[BlackTeam "SV Bergtheim"]

1. c4 c6 2. g3 Nf6 3. Bg2 e6 4. Nf3 d5 5. b3 Nbd7 6. Bb2 Be7 7. O-O O-O 8. Qc2
b6 9. Nc3 Bb7 10. Rac1 Rc8 11. Qb1 c5 12. cxd5 Nxd5 13. e4 Nxc3 14. Bxc3 Re8
15. Rfd1 Bf8 16. d4 cxd4 17. Nxd4 Qe7 18. Nb5 Ra8 19. Nc7 Rec8 20. Nxa8 Bxa8
21. Bb2 Rxc1 22. Qxc1 Nc5 23. Qc4 Bb7 24. Ba3 Qe8 25. Qd4 Bc6 26. Qd8 Be7 27.
Qc7 Kf8 28. Bxc5 bxc5 29. Qxa7 Bb5 30. e5 g5 31. Qc7 h5 32. a4 Be2 33. Bc6 1-0

[Event "26. Schweinfurt Open"]
[Site "Schweinfurt"]
[Date "2016.05.26"]
[Round "1.4"]
[White "Blank, Stefan"]
[Black "Großhans, Ralf-Michael"]
[Result "0-1"]
[WhiteElo "1821"]
[BlackElo "2192"]
[PlyCount "76"]
[EventDate "2016.??.??"]
[WhiteTeam "SC Sulzbach"]
[BlackTeam "SK Weidhausen"]

1. e4 Nf6 2. d3 d5 3. Nd2 c5 4. Ngf3 Nc6 5. g3 g6 6. Bg2 Bg7 7. O-O O-O 8. Qe2
e5 9. c3 b6 10. exd5 Nxd5 11. Nc4 f6 12. Ne3 Nde7 13. Rd1 Ba6 14. Qc2 Rc8 15.
Ng4 h5 16. Ne3 Qd7 17. Qa4 Nb8 18. Qxd7 Nxd7 19. Nh4 f5 20. Nd5 Nxd5 21. Bxd5+
Kh7 22. Be6 Rc7 23. f4 Bb7 24. Kf2 Nf6 25. h3 Re8 26. Bb3 e4 27. Bc2 Rce7 28.
Re1 Ba6 29. dxe4 Nxe4+ 30. Bxe4 fxe4 31. Be3 Bf6 32. Ng2 Bc8 33. Rh1 Rd8 34. g4
Red7 35. Ke2 Ba6+ 36. Ke1 Rd3 37. Rg1 Rxe3+ 38. Nxe3 Bh4+ 0-1

[Event "26. Schweinfurt Open"]
[Site "Schweinfurt"]
[Date "2016.05.26"]
[Round "1.5"]
[White "Ziegler, Michael"]
[Black "Beyersdorf, Gunter"]
[Result "1-0"]
[WhiteElo "2178"]
[BlackElo "1797"]
[PlyCount "77"]
[EventDate "2016.??.??"]
[WhiteTeam "SC Prichsenstadt"]
[BlackTeam "SC Bad Königshofen"]

1. d4 Nf6 2. Nf3 d5 3. c4 e6 4. g3 Nbd7 5. Bg2 c6 6. Qc2 Be7 7. Nbd2 O-O 8. O-O
Re8 9. e4 dxe4 10. Nxe4 Nxe4 11. Qxe4 Nf6 12. Qc2 Bd7 13. Rd1 Rc8 14. Ne5 Qb6
15. Be3 Qc7 16. Rab1 a5 17. Rbc1 Red8 18. Nxd7 Rxd7 19. Rd3 g6 20. Rcd1 Rcd8
21. Qe2 Kg7 22. Qf3 h5 23. Bf4 Bd6 24. Bd2 Bb4 25. Bc1 e5 26. Bg5 Be7 27. dxe5
Ng4 28. Bxe7 Rxd3 29. Bf6+ Nxf6 30. exf6+ Kf8 31. Rxd3 Rxd3 32. Qxd3 Ke8 33.
Qe3+ Kd8 34. Bh3 b6 35. Kf1 c5 36. Ke2 Qd6 37. Qd3 Kc7 38. Qxd6+ Kxd6 39. f4
1-0

[Event "26. Schweinfurt Open"]
[Site "Schweinfurt"]
[Date "2016.05.26"]
[Round "1.6"]
[White "Völker, Joachim"]
[Black "Amtmann, Florian"]
[Result "0-1"]
[WhiteElo "1777"]
[BlackElo "2170"]
[PlyCount "92"]
[EventDate "2016.??.??"]
[WhiteTeam "SK Schweinfurt"]
[BlackTeam "Spvgg Stetten"]

1. d4 Nf6 2. c4 g6 3. Nc3 Bg7 4. e4 d6 5. f3 O-O 6. Bg5 h6 7. Be3 e5 8. d5 c6
9. Qd2 cxd5 10. cxd5 Kh7 11. g4 Ne8 12. Bd3 Nd7 13. h4 a6 14. Nge2 b5 15. Ng3
Nc5 16. Bc2 Bd7 17. h5 g5 18. Nce2 a5 19. Nf5 b4 20. Nxd6 Nxd6 21. Bxc5 Qc7 22.
Bxd6 Qxd6 23. Bd3 Qb6 24. Kf1 Rfc8 25. Kg2 Bf8 26. Ng3 Bc5 27. Qe2 a4 28. b3
Bd4 29. Rac1 Bc3 30. Rhd1 Qa5 31. Bc4 Rc5 32. Nf1 Rac8 33. Ne3 axb3 34. axb3
Bd4 35. Nf5 Bxf5 36. gxf5 Qd8 37. Rc2 Ra8 38. Kg3 Rca5 39. Kg4 Qb6 40. Qf1 Kg7
41. Bd3 Bc3 42. Bc4 Qe3 43. Kg3 Ra1 44. Rxa1 Rxa1 45. Qe2 Qf4+ 46. Kg2 Bd4 0-1

[Event "26. Schweinfurt Open"]
[Site "Schweinfurt"]
[Date "2016.05.26"]
[Round "1.7"]
[White "Pototzky, Daniel"]
[Black "Millgramm, Stephan"]
[Result "1-0"]
[WhiteElo "2137"]
[BlackElo "1774"]
[PlyCount "99"]
[EventDate "2016.??.??"]
[WhiteTeam "SC Prichsenstadt"]
[BlackTeam "Flensburger SK"]

1. e4 e6 2. d4 d5 3. Nd2 dxe4 4. Nxe4 Bd7 5. Nf3 Bc6 6. Bd3 Nd7 7. O-O Ngf6 8.
Ng3 Bd6 9. Qe2 Bxf3 10. Qxf3 c6 11. Bf4 Qc7 12. Bxd6 Qxd6 13. c3 h5 14. Rfe1
O-O-O 15. b4 h4 16. Ne4 Nxe4 17. Qxe4 Nf6 18. Qf3 Qd5 19. Qh3 Qg5 20. b5 cxb5
21. Re5 Qg4 22. Qxg4 Nxg4 23. Rg5 Nf6 24. Rxg7 a6 25. Rxf7 Nd5 26. a4 bxa4 27.
Rxa4 Rd7 28. Rxd7 Kxd7 29. c4 Nf6 30. f3 Rg8 31. Kf2 Rg5 32. g3 hxg3+ 33. hxg3
Kc7 34. g4 e5 35. dxe5 Rxe5 36. Ra1 Kc6 37. Kg3 Re3 38. Bf1 Nd7 39. g5 Rc3 40.
Kf4 Nf8 41. Kg4 Ng6 42. f4 Kd6 43. Rb1 Kc7 44. f5 Ne5+ 45. Kh5 Nxc4 46. Bxc4
Rxc4 47. g6 Rf4 48. Kg5 Rf2 49. Kf6 b5 50. g7 1-0

[Event "26. Schweinfurt Open"]
[Site "Schweinfurt"]
[Date "2016.05.26"]
[Round "1.8"]
[White "Ley, Reinhard"]
[Black "Kuhn, Norbert"]
[Result "0-1"]
[WhiteElo "1759"]
[BlackElo "2119"]
[PlyCount "106"]
[EventDate "2016.??.??"]
[WhiteTeam "SV Siershahn"]
[BlackTeam "SV Würzburg"]

1. d4 d5 2. Nf3 e6 3. e3 c5 4. c3 Nf6 5. Nbd2 Nbd7 6. Bd3 Bd6 7. e4 dxe4 8.
Nxe4 Be7 9. O-O O-O 10. Bg5 Nxe4 11. Bxe7 Qxe7 12. Bxe4 Nf6 13. Bc2 b6 14. dxc5
Qxc5 15. Qd4 Qxd4 16. Nxd4 Bb7 17. Rad1 Rfd8 18. Rd2 Rd6 19. Rfd1 Rad8 20. Nb3
Rxd2 21. Rxd2 Rxd2 22. Nxd2 Kf8 23. f3 Ke7 24. Kf2 h6 25. c4 e5 26. Ke3 Ke6 27.
g3 Ne8 28. f4 Nd6 29. fxe5 Kxe5 30. g4 Ne8 31. b3 Nd6 32. Bd3 g6 33. b4 Bc6 34.
b5 Bb7 35. Nb3 f5 36. gxf5 gxf5 37. c5 f4+ 38. Kf2 bxc5 39. Nxc5 Bd5 40. Nb3
Bxb3 41. axb3 Kd4 42. Be2 Nf5 43. Kf3 Ke5 44. Kg4 Ke4 45. Bf3+ Ke3 46. Bd5 Nd4
47. Bc4 f3 48. Bf1 Nxb3 49. Kh5 Nd2 50. Bh3 f2 51. Kxh6 Nf3 52. Kg6 Nxh2 53.
Kf5 Kf3 0-1

[Event "26. Schweinfurt Open"]
[Site "Schweinfurt"]
[Date "2016.05.26"]
[Round "1.9"]
[White "Ciolek, Andreas"]
[Black "Markwardt, Sven"]
[Result "1-0"]
[WhiteElo "2102"]
[BlackElo "1748"]
[PlyCount "37"]
[EventDate "2016.??.??"]
[WhiteTeam "SK Singen"]
[BlackTeam "SK Schweinfurt"]

1. e4 g6 2. d4 Bg7 3. c4 c5 4. Nf3 cxd4 5. Nxd4 Nc6 6. Nc2 Nf6 7. Nc3 O-O 8.
Be2 d6 9. Be3 Be6 10. O-O Rc8 11. f4 Qd7 12. h3 Na5 13. b3 Bxh3 14. gxh3 Qxh3
15. Rf2 Nh5 16. Bg4 Qh4 17. Rh2 Qg3+ 18. Rg2 Qh4 19. Bf2 1-0

[Event "26. Schweinfurt Open"]
[Site "Schweinfurt"]
[Date "2016.05.26"]
[Round "1.10"]
[White "Hansen, Klaus Bjerre"]
[Black "Poulsen, Klaus E"]
[Result "0-1"]
[WhiteElo "1736"]
[BlackElo "2068"]
[PlyCount "116"]
[EventDate "2016.??.??"]
[WhiteTeam "Skakforeningen Odysseus"]
[BlackTeam "Skakforeningen Odysseus"]

1. e4 e6 2. d4 d5 3. Nc3 Nf6 4. e5 Nfd7 5. Nf3 c5 6. Be3 Nc6 7. Bb5 Qb6 8. O-O
a6 9. Bxc6 bxc6 10. Na4 Qa5 11. c3 Rb8 12. b3 cxd4 13. cxd4 Ba3 14. Qc2 Bb7 15.
Ne1 c5 16. f4 cxd4 17. Bxd4 Rc8 18. Qf2 O-O 19. f5 exf5 20. Qxf5 Nc5 21. Qg4
Ne6 22. Nd3 Qd2 23. Rad1 Qg5 24. Qxg5 Nxg5 25. Nac5 Ne6 26. Nxe6 fxe6 27. Rxf8+
Bxf8 28. Rc1 Rxc1+ 29. Nxc1 Kf7 30. Kf2 Ke8 31. Nd3 Bc8 32. b4 Kd7 33. Bc5
Bxc5+ 34. bxc5 d4 35. a4 Kc6 36. Kg3 Kd5 37. Kf3 Kc4 38. Ke2 Bd7 39. h4 Bxa4
40. Nb2+ Kxc5 41. Nxa4+ Kb4 42. Nb2 Kc3 43. Nd3 a5 44. Nc5 Kc2 45. Nd3 a4 46.
Nb4+ Kb3 47. Nd3 Kc3 48. Nc1 Kc2 49. Nd3 a3 50. g4 a2 51. Nb4+ Kb3 52. Nxa2
Kxa2 53. Kd3 Kb3 54. Kxd4 Kb4 55. h5 h6 56. Ke4 Kc4 57. Kf4 Kd4 58. g5 Kd5 0-1

[Event "26. Schweinfurt Open"]
[Site "Schweinfurt"]
[Date "2016.05.26"]
[Round "1.11"]
[White "Engesser, Jonas"]
[Black "Leichum, Engelbert"]
[Result "1-0"]
[WhiteElo "2060"]
[BlackElo "1708"]
[PlyCount "51"]
[EventDate "2016.??.??"]
[WhiteTeam "SK Engen"]
[BlackTeam "(vls) Frankfurt"]

1. e4 Nc6 2. Nf3 e5 3. Bb5 Nge7 4. c3 a6 5. Ba4 Ng6 6. d4 b5 7. Bb3 d6 8. Ng5
Be6 9. d5 Bxd5 10. Qxd5 Qd7 11. Qxf7+ Qxf7 12. Nxf7 Be7 13. Nxh8 Nxh8 14. Bd5
Kd7 15. O-O Rf8 16. Bxc6+ Kxc6 17. Be3 Ng6 18. g3 Bf6 19. a4 Ne7 20. axb5+ axb5
21. Ra6+ Kb7 22. Ra7+ Kc6 23. Nd2 Rc8 24. Rfa1 Kd7 25. Rb7 Nc6 26. Rxb5 1-0

[Event "26. Schweinfurt Open"]
[Site "Schweinfurt"]
[Date "2016.05.26"]
[Round "1.12"]
[White "Tsiapouris, Alexander"]
[Black "Boß, Rolf"]
[Result "0-1"]
[WhiteElo "1693"]
[BlackElo "2015"]
[PlyCount "72"]
[EventDate "2016.??.??"]
[WhiteTeam "SC Tarrasch München"]
[BlackTeam "(vls) Hof"]

1. d4 d6 2. e4 Nf6 3. Nc3 c6 4. Nf3 Bg4 5. Be2 e6 6. h3 Bh5 7. O-O Be7 8. Bf4
d5 9. exd5 Nxd5 10. Nxd5 cxd5 11. Ne5 Bxe2 12. Qxe2 Nc6 13. Qb5 Qb6 14. Qxb6
axb6 15. Nxc6 bxc6 16. a4 Kd7 17. Be5 f6 18. Bf4 Ra6 19. Ra2 Rha8 20. Rfa1 b5
21. a5 Bb4 22. c3 Rxa5 23. Rxa5 Rxa5 24. Rxa5 Bxa5 25. b4 g5 26. bxa5 gxf4 27.
g4 fxg3 28. fxg3 Kc7 29. g4 Kb7 30. h4 Ka6 31. g5 fxg5 32. hxg5 Kxa5 33. Kf2
Ka4 34. Ke3 Kb3 35. Kd3 b4 36. cxb4 Kxb4 0-1

[Event "26. Schweinfurt Open"]
[Site "Schweinfurt"]
[Date "2016.05.26"]
[Round "1.13"]
[White "Diller, Peter"]
[Black "Ornebjerg, Henrik"]
[Result "1-0"]
[WhiteElo "1990"]
[BlackElo "1666"]
[PlyCount "60"]
[EventDate "2016.??.??"]
[WhiteTeam "SK Rothenburg"]
[BlackTeam "Skakforeningen Odysseus"]

1. e4 c5 2. f4 e6 3. Nf3 Nc6 4. c3 Nf6 5. d3 d6 6. Be2 Be7 7. O-O O-O 8. Nbd2
h6 9. e5 dxe5 10. Nxe5 Nxe5 11. fxe5 Nd5 12. Nf3 b6 13. Qe1 Bb7 14. Bd2 Rc8 15.
Rd1 Qe8 16. Bc1 f6 17. Qg3 Kh7 18. Rde1 f5 19. h4 Qf7 20. h5 f4 21. Qg4 Qf5 22.
Nh2 Bg5 23. Bf3 Rc7 24. Be4 Ne3 25. Bxf5+ exf5 26. Qe2 Bxg2 27. Bxe3 Bxf1 28.
Nxf1 fxe3 29. Nxe3 f4 30. Nd5 f3 1-0

[Event "26. Schweinfurt Open"]
[Site "Schweinfurt"]
[Date "2016.05.26"]
[Round "1.14"]
[White "Engelbrecht, Klaus"]
[Black "Neubauer, Jaro"]
[Result "0-1"]
[WhiteElo "1646"]
[BlackElo "1986"]
[PlyCount "110"]
[EventDate "2016.??.??"]
[WhiteTeam "SK Bad Neustadt"]
[BlackTeam "SK Schweinfurt"]

1. d4 d5 2. g3 Nf6 3. Bg2 c5 4. c3 e6 5. Nf3 Nc6 6. Bf4 Bd6 7. Bxd6 Qxd6 8.
dxc5 Qxc5 9. Nbd2 O-O 10. O-O b6 11. Nb3 Qe7 12. Nbd4 Nxd4 13. Nxd4 Bb7 14. f3
Rfd8 15. e3 e5 16. Nf5 Qc5 17. Qd2 g6 18. Nh6+ Kg7 19. Ng4 Nd7 20. h3 h5 21.
Nf2 Nf6 22. Nd3 Qe7 23. f4 Ne4 24. Qe1 exf4 25. gxf4 f6 26. Bxe4 dxe4 27. Nf2
Ba6 28. Rd1 Bxf1 29. Kxf1 Rxd1 30. Qxd1 Rd8 31. Qc2 f5 32. Ke2 b5 33. b4 Qf7
34. a3 Qc4+ 35. Ke1 a6 36. h4 Qf7 37. Nh3 Qc4 38. Nf2 Rc8 39. Nd1 Rd8 40. Nf2
Rd7 41. Qb2 Kh6 42. Qc2 Rc7 43. Nd1 Qf7 44. Qe2 Kh7 45. Qc2 Qe7 46. Qf2 Rd7 47.
Qh2 Rd3 48. Qf2 Qd8 49. Qe2 Qxh4+ 50. Nf2 Qg3 51. Kf1 Rxc3 52. Qd2 Qxe3 53.
Qd7+ Kh6 54. Qd8 Rc1+ 55. Kg2 Qf3+ 0-1

[Event "26. Schweinfurt Open"]
[Site "Schweinfurt"]
[Date "2016.05.26"]
[Round "1.15"]
[White "Gould, Charles"]
[Black "Wenkheimer, Rolf"]
[Result "1-0"]
[WhiteElo "1974"]
[BlackElo "1637"]
[PlyCount "75"]
[EventDate "2016.??.??"]
[WhiteTeam "SV Würzburg"]
[BlackTeam "SC Kitzingen"]

1. f4 d5 2. b3 c5 3. e3 Nc6 4. Bb5 Bd7 5. Nf3 Nf6 6. Bb2 e6 7. O-O a6 8. Bxc6
Bxc6 9. Qe1 Be7 10. d3 O-O 11. Qg3 g6 12. Ne5 Nh5 13. Qf3 Rc8 14. Nd2 f6 15.
Nxc6 Rxc6 16. Qh3 d4 17. e4 e5 18. f5 Nf4 19. Qg4 Qe8 20. g3 h5 21. Qd1 Nh3+
22. Kg2 Ng5 23. h4 Nh7 24. fxg6 Qxg6 25. Rf5 Rf7 26. Qxh5 Rg7 27. Qxg6 Rxg6 28.
a4 a5 29. Nc4 Bd8 30. Raf1 Rc7 31. Bc1 Rcg7 32. R1f3 Rg4 33. Kh3 Kh8 34. Bh6
R7g6 35. Bd2 b6 36. Nd6 Rg7 37. Bh6 R7g6 38. Nf7+ 1-0

[Event "26. Schweinfurt Open"]
[Site "Schweinfurt"]
[Date "2016.05.26"]
[Round "1.17"]
[White "Kilian, Markus"]
[Black "Weineck, Ekkehard"]
[Result "1-0"]
[WhiteElo "1954"]
[BlackElo "1606"]
[PlyCount "30"]
[EventDate "2016.??.??"]
[WhiteTeam "SV Würzburg"]
[BlackTeam "SV Würzburg"]

1. d4 d5 2. c4 c6 3. Nf3 Nf6 4. Nc3 Bf5 5. cxd5 cxd5 6. Qb3 Qb6 7. Nxd5 Nxd5 8.
Qxd5 e6 9. Qc4 Bb4+ 10. Nd2 Nc6 11. e3 O-O 12. Qb5 Qc7 13. Be2 a6 14. Qc4 b5
15. Qb3 Na5 1-0

[Event "26. Schweinfurt Open"]
[Site "Schweinfurt"]
[Date "2016.05.26"]
[Round "1.18"]
[White "Wiemann, Daniel"]
[Black "Krenz, Dieter"]
[Result "0-1"]
[WhiteElo "1533"]
[BlackElo "1934"]
[PlyCount "92"]
[EventDate "2016.??.??"]
[WhiteTeam "SV Seubelsdorf"]
[BlackTeam "SC Prichsenstadt"]

1. e4 Nf6 2. e5 Nd5 3. c4 Nb6 4. d4 d6 5. Nc3 dxe5 6. dxe5 Qxd1+ 7. Nxd1 Nc6 8.
Bf4 Bf5 9. Ne3 e6 10. Nxf5 Bb4+ 11. Bd2 exf5 12. Rd1 O-O-O 13. f4 Rd4 14. Bxb4
Re4+ 15. Ne2 Nxb4 16. a3 Nc2+ 17. Kd2 Ne3 18. Rc1 Rd8+ 19. Ke1 Nexc4 20. Rc2
Ne3 21. Rc1 Nbd5 22. g3 Nxf1 23. Kxf1 Ne3+ 24. Kf2 Ng4+ 25. Kf1 Rd2 26. Re1
Rxb2 27. h3 Ne3+ 28. Kf2 Nd5 29. Rh2 Nc3 30. Kf1 Rexe2 31. Rhxe2 Nxe2 32. Rxe2
Rxe2 33. Kxe2 Kd7 34. Kd3 Ke6 35. Kc4 h5 36. h4 b6 37. Kd4 c5+ 38. Kc4 Ke7 39.
Kd5 Kd7 40. a4 a6 41. Kc4 Kc6 42. Kc3 Kd5 43. Kd3 c4+ 44. Kc3 Kc5 45. Kc2 Kb4
46. Kb2 Kxa4 0-1

[Event "26. Schweinfurt Open"]
[Site "Schweinfurt"]
[Date "2016.05.26"]
[Round "1.19"]
[White "Langguth, Rolf"]
[Black "Hüttinger, Siegfried"]
[Result "1-0"]
[WhiteElo "1921"]
[BlackElo "1513"]
[PlyCount "63"]
[EventDate "2016.??.??"]
[WhiteTeam "SK Schweinfurt"]
[BlackTeam "SC KS Alzenau"]

1. d4 d5 2. Nf3 Nc6 3. Bf4 Nf6 4. e3 Bf5 5. Bb5 Bd7 6. c4 e6 7. Nc3 Bb4 8. O-O
Bxc3 9. bxc3 Ne4 10. Qc2 a6 11. cxd5 exd5 12. Bd3 Bf5 13. Nd2 Nxd2 14. Qxd2
Bxd3 15. Qxd3 O-O 16. c4 Ne7 17. Rfe1 c6 18. c5 Qd7 19. Rab1 Nc8 20. Rb2 Ra7
21. Reb1 Ne7 22. Qc2 Re8 23. Rb3 Nf5 24. Qb2 b5 25. cxb6 Rb7 26. Qa3 Qe7 27.
Qxa6 Nxd4 28. exd4 Qe1+ 29. Rxe1 Rxe1+ 30. Qf1 Rxf1+ 31. Kxf1 f6 32. Bc7 1-0

[Event "26. Schweinfurt Open"]
[Site "Schweinfurt"]
[Date "2016.05.26"]
[Round "1.20"]
[White "Maar, Felicitas"]
[Black "Tsiapouris, Michael"]
[Result "0-1"]
[WhiteElo "1497"]
[BlackElo "1911"]
[PlyCount "74"]
[EventDate "2016.??.??"]
[WhiteTeam "SC Fuldatal"]
[BlackTeam "SC Tarrasch München"]

1. e4 e6 2. d4 d5 3. e5 c5 4. c3 Nc6 5. Nf3 Nh6 6. Bb5 Nf5 7. O-O Qb6 8. Bd3
cxd4 9. Bxf5 exf5 10. cxd4 Be6 11. Nc3 Be7 12. Ne2 O-O 13. Nf4 Rac8 14. Nxe6
fxe6 15. a3 Na5 16. b4 Nc4 17. Rb1 Rc7 18. Qd3 Rfc8 19. h3 h6 20. Rd1 Qb5 21.
Bd2 Qa4 22. Bc1 Nb6 23. Bb2 Nc4 24. Bc1 Nxa3 25. Bxa3 Rc3 26. Qf1 Rxa3 27. Ra1
Bxb4 28. Rdb1 Rcc3 29. Rxa3 Rxa3 30. Qc1 Rc3 31. Qb2 a5 32. Rc1 Qc6 33. Rxc3
Qxc3 34. Qe2 Qc4 35. Qd1 b5 36. Qb1 a4 37. Qa1 a3 0-1

[Event "26. Schweinfurt Open"]
[Site "Schweinfurt"]
[Date "2016.05.26"]
[Round "1.21"]
[White "Maar, Samuel"]
[Black "Klonov, Jakov"]
[Result "1-0"]
[WhiteElo "1910"]
[BlackElo "1333"]
[PlyCount "91"]
[EventDate "2016.??.??"]
[WhiteTeam "SC Kaufungen"]
[BlackTeam "SK München Südost"]

1. e4 c5 2. Nf3 Nc6 3. d4 cxd4 4. Nxd4 g6 5. Bf4 Bg7 6. Nb5 d6 7. c3 a6 8. N5a3
Be6 9. Nc4 b5 10. Ne3 Nf6 11. a4 bxa4 12. Qxa4 Qb6 13. Bb5 Bd7 14. Nc4 Qb7 15.
Bxd6 Nxe4 16. Bb4 O-O 17. Bxa6 Qa7 18. Qc2 Nxb4 19. cxb4 Qd4 20. O-O f5 21. Rd1
Qa7 22. Rxd7 Qxd7 23. Nb6 Qd6 24. Nxa8 Qxb4 25. Qc4+ Qxc4 26. Bxc4+ Kh8 27. Nc3
Nxc3 28. bxc3 Bxc3 29. Ra3 Bf6 30. Nb6 Rb8 31. Nd7 Rb1+ 32. Bf1 Kg7 33. g3 Rd1
34. Nc5 Bd4 35. Ne6+ Kf7 36. Nxd4 Rxd4 37. Kg2 Rd8 38. Bc4+ Kf8 39. Be6 Rd6 40.
Ba2 Kg7 41. Ra8 e5 42. Ra7+ Kh6 43. Bg8 Kg5 44. h4+ Kg4 45. f3+ Kh5 46. Rxh7#
1-0

[Event "26. Schweinfurt Open"]
[Site "Schweinfurt"]
[Date "2016.05.26"]
[Round "1.22"]
[White "Aigner, Patrick"]
[Black "Schmidt, Markus"]
[Result "0-1"]
[WhiteElo "1305"]
[BlackElo "1901"]
[PlyCount "22"]
[EventDate "2016.??.??"]
[WhiteTeam "Coburger SV"]
[BlackTeam "Stuttgarter SF"]

1. d4 Nf6 2. Nc3 e6 3. e4 Bb4 4. Bd3 c5 5. d5 exd5 6. Qe2 O-O 7. exd5 Re8 8.
Be3 Nxd5 9. Qh5 Nf6 10. Qh3 d5 11. O-O-O Bxh3 0-1

[Event "26. Schweinfurt Open"]
[Site "Schweinfurt"]
[Date "2016.05.26"]
[Round "1.23"]
[White "Hohner, Karl-Heinz"]
[Black "Wiemann, Vanessa"]
[Result "1-0"]
[WhiteElo "1883"]
[BlackElo "1297"]
[PlyCount "85"]
[EventDate "2016.??.??"]
[WhiteTeam "(vls) Kronach"]
[BlackTeam "SV Seubelsdorf"]

1. d4 d5 2. Nf3 c6 3. e3 Nf6 4. Bd3 Bg4 5. Nbd2 e6 6. c3 Bd6 7. O-O O-O 8. Qc2
h6 9. h3 Bxf3 10. Nxf3 Qc7 11. Bd2 Nbd7 12. c4 Rac8 13. c5 Be7 14. Bc3 b6 15.
b4 b5 16. Ne5 Nxe5 17. dxe5 Ne8 18. f4 f5 19. Kh1 Qd7 20. Bd4 a6 21. Rg1 Rf7
22. g4 Bh4 23. gxf5 exf5 24. Rg6 Qc7 25. Rag1 Kf8 26. Bxf5 Rb8 27. Be6 Re7 28.
Qf5+ Rf7 29. Qxf7+ Qxf7 30. Bxf7 Kxf7 31. Rxc6 Ra8 32. f5 Be7 33. Rb6 a5 34.
bxa5 Rxa5 35. Rg2 Bd8 36. Rb7+ Be7 37. c6 Ra6 38. Rc2 b4 39. c7 Nxc7 40. Rcxc7
Ke8 41. Rxe7+ Kd8 42. Rxg7 Ke8 43. Rg8# 1-0

[Event "26. Schweinfurt Open"]
[Site "Schweinfurt"]
[Date "2016.05.26"]
[Round "1.25"]
[White "Glok, David"]
[Black "Froitzheim, Ralf"]
[Result "0-1"]
[WhiteElo "915"]
[BlackElo "1873"]
[PlyCount "86"]
[EventDate "2016.??.??"]
[WhiteTeam "SK München Südost"]
[BlackTeam "SG Niederkassel"]

1. d4 Nf6 2. Nc3 d5 3. Bg5 g6 4. e3 Bg7 5. Bb5+ c6 6. Ba4 O-O 7. Qf3 Ne4 8.
Nxe4 dxe4 9. Qxe4 Qa5+ 10. c3 Qxg5 11. Nf3 Qf6 12. h4 Bf5 13. Qf4 Bd3 14. Qxf6
Bxf6 15. O-O-O Be2 16. Rdg1 Nd7 17. d5 Nb6 18. Bd1 Bxd1 19. Kxd1 Nxd5 20. h5
Rfd8 21. hxg6 hxg6 22. Ke2 Kg7 23. Rh2 Rh8 24. Rgh1 Rxh2 25. Nxh2 Rh8 26. c4
Nc7 27. b4 b5 28. cxb5 Nxb5 29. Kd2 Bc3+ 30. Kc2 Bxb4 31. Kb3 Bd6 32. f4 Nc7
33. e4 Bxf4 34. Rf1 Bxh2 35. Rc1 Nb5 36. Rxc6 Nd4+ 37. Kc4 Nxc6 38. Kc5 Ne5 39.
a4 Rc8+ 40. Kb5 Bg1 41. Kb4 Rb8+ 42. Ka5 Rb6 43. g4 Nc4# 0-1

[Event "26. Schweinfurt Open"]
[Site "Schweinfurt"]
[Date "2016.05.26"]
[Round "1.26"]
[White "Petersen, Steffen"]
[Black "Chen, Jiwei"]
[Result "1-0"]
[WhiteElo "1867"]
[BlackElo "908"]
[PlyCount "93"]
[EventDate "2016.??.??"]
[WhiteTeam "Skakforeningen Odysseus"]
[BlackTeam "SK Schweinfurt"]

1. e4 e5 2. Nf3 Nc6 3. Bb5 d6 4. O-O a6 5. Ba4 Bd7 6. c3 Nf6 7. Re1 Be7 8. d4
O-O 9. d5 Na7 10. Bc2 c6 11. c4 c5 12. Nc3 Nc8 13. Be3 Qc7 14. Qd2 Bd8 15. Rad1
Ne8 16. Bg5 Nb6 17. b3 Nc8 18. h4 Bxg5 19. Qxg5 h6 20. Qe3 Ne7 21. Nxe5 dxe5
22. d6 Nxd6 23. Qd3 Nec8 24. Nd5 Qd8 25. f4 Re8 26. f5 Bc6 27. Re3 Qxh4 28. Nc7
Rb8 29. Nxe8 Nxe8 30. Rh3 Qg5 31. f6 Nxf6 32. Qd8+ Kh7 33. Qc7 Ra8 34. Qxf7 Nd6
35. Rxd6 Qc1+ 36. Kh2 Qf4+ 37. Kg1 Bd7 38. Rf3 Qc1+ 39. Kh2 Ng4+ 40. Kg3 Qe1+
41. Rf2 Nxf2 42. Qxf2 Qc3+ 43. Rd3 Qa5 44. Rxd7 Qxa2 45. Qf5+ Kh8 46. Qxe5 Qxc2
47. Qxg7# 1-0

[Event "26. Schweinfurt Open"]
[Site "Schweinfurt"]
[Date "2016.05.26"]
[Round "1.27"]
[White "Neudecker, Georg"]
[Black "Lippianowski, Stefan"]
[Result "1-0"]
[WhiteElo "1876"]
[BlackElo "1163"]
[PlyCount "79"]
[EventDate "2016.??.??"]
[WhiteTeam "SV Walsdorf"]
[BlackTeam "SV Mattnetz Berlin"]

1. d4 d5 2. Nf3 Nc6 3. Bf4 e6 4. e3 Bb4+ 5. c3 Bd6 6. Bxd6 Qxd6 7. Be2 e5 8.
O-O e4 9. Nfd2 Qg6 10. Re1 Bh3 11. Bf1 Nf6 12. c4 Bg4 13. Be2 Bh3 14. g3 O-O
15. Nc3 Nb4 16. cxd5 Nd3 17. Bxd3 exd3 18. Qf3 Bg4 19. Qg2 h5 20. h3 Bd7 21.
Nf3 Qf5 22. Kh2 c6 23. e4 Qh7 24. dxc6 Bxc6 25. d5 Bd7 26. Rad1 Ng4+ 27. Kg1
Nh6 28. Rxd3 f5 29. Rde3 fxe4 30. Rxe4 Qf5 31. Re7 Qxh3 32. Qxh3 Bxh3 33. Ng5
Bf5 34. Rxb7 Ng4 35. Ree7 Rf6 36. Rxg7+ Kf8 37. Rgf7+ Rxf7 38. Rxf7+ Kg8 39.
Rxf5 Re8 40. Ne6 1-0

[Event "26. Schweinfurt Open"]
[Site "Schweinfurt"]
[Date "2016.05.26"]
[Round "1.28"]
[White "Scheifele, Jan"]
[Black "Eichenauer, Pascal"]
[Result "0-1"]
[WhiteElo "906"]
[BlackElo "1857"]
[PlyCount "132"]
[EventDate "2016.??.??"]
[WhiteTeam "Aschaffenburg-Schweinheim"]
[BlackTeam "SV Würzburg"]

1. e4 d6 2. Nf3 Nf6 3. Nc3 g6 4. Bc4 Bg7 5. Ng5 O-O 6. O-O c5 7. d3 Nc6 8. Nd5
Nxd5 9. Bxd5 h6 10. Nf3 Bg4 11. h3 Bxf3 12. Qxf3 Nd4 13. Qd1 e6 14. Bxb7 Rb8
15. Ba6 Qa5 16. Bc4 Qa4 17. Bb3 Nxb3 18. cxb3 Qa6 19. Bf4 Bxb2 20. Rb1 Bg7 21.
Qc1 Kh7 22. Qc4 Rb6 23. Qxa6 Rxa6 24. Rfe1 e5 25. Bd2 Rxa2 26. Bc3 Rb8 27. b4
Ra3 28. Rec1 h5 29. Ra1 cxb4 30. Rxa3 bxa3 31. Ra1 Rb3 32. Ba5 Bh6 33. Bc7 Bd2
34. Bxd6 Bc3 35. Rxa3 Rxa3 36. Bxa3 Kg7 37. Kh2 Kf6 38. Bc5 Bd4 39. Bb4 Bxf2
40. g3 Ke6 41. Kg2 Bb6 42. g4 hxg4 43. hxg4 a5 44. Bc3 a4 45. Bb4 Bd4 46. Kh3
Bb2 47. Kh4 Kf6 48. g5+ Ke6 49. Kg4 a3 50. Bxa3 Bxa3 51. Kf3 Bc1 52. Kg4 Kd6
53. Kh4 Kc5 54. Kg3 Bxg5 55. Kf3 Kd4 56. Ke2 Bf4 57. Kf3 Kxd3 58. Kg4 Kxe4 59.
Kh4 g5+ 60. Kh3 f5 61. Kg2 g4 62. Kg1 Ke3 63. Kf1 g3 64. Kg1 Kf3 65. Kh1 g2+
66. Kg1 Be3+ 0-1